عویون ال امباء فی طبقات ال اطیببا / (Record no. 169882)

MARC details
000 -LEADER
fixed length control field 00713nam a22001937a 4500
005 - DATE AND TIME OF LATEST TRANSACTION
control field 20191216103415.0
010 ## - LCCN (DPL NO)
LC control number A-842578
020 ## - INTERNATIONAL STANDARD BOOK NUMBER
Terms of availability 35.00
035 ## - SYSTEM CONTROL NUMBER
System control number A-842578
037 ## - SOURCE OF ACQUISITION
Source of stock number/acquisition BPPD/Pub.
082 ## - DEWEY DECIMAL CLASSIFICATION NUMBER
Classification number 615.54
100 ## - MAIN ENTRY--PERSONAL NAME
Personal name علامہ ابن-ا-ابی اصیبہ
245 ## - TITLE STATEMENT
Title عویون ال امباء فی طبقات ال اطیببا /
Statement of responsibility, etc علامہ ابن-ا-ابی اصیبہ
246 ## - VARYING FORM OF TITLE
Title proper/short title Uyoon al-Amba fi Tabaqat Al-Atibba (Urdu)
Remainder of title by Allama Ibn-e-Abi Usaiba
260 ## - PUBLICATION, DISTRIBUTION, ETC. (IMPRINT)
Date of publication, distribution, etc 1992 ء
Place of publication, distribution, etc New Delhi
Name of publisher, distributor, etc Central Council For Research and Unani Medicine
270 ## - ADDRESS
Address 5, Panchsheel Shopping Center
City New Delhi
Postal code 110017
300 ## - PHYSICAL DESCRIPTION
Extent 520p.
Dimensions 22cm(Hb)
942 ## - ADDED ENTRY ELEMENTS (KOHA)
Source of classification or shelving scheme Dewey Decimal Classification
Item type Urdu Bks
Classification part 615.54
Call number suffix ا ب ن
Holdings
Withdrawn status Lost status Not for loan Collection code Home library Current library Date acquired Source of acquisition Full call number Barcode Copy number Koha item type
    Ordered Non-fiction Central Library Central Library 06/12/2019 BPPD/Ven. 615.54 ا ب ن A-842578 1 Urdu Bks

© Delhi Public Library
Hit Counter
free hit counter